Француски краљеви - Statistics

General Stats
  • This quiz has been taken 153 times
  • The average score is 6 of 22
Answer Stats
Име % Correct
Луј
95%
Луј Филип
92%
Наполеон
87%
Карло
67%
Филип
56%
Пипин
39%
Жан
36%
Анри
32%
Франсоа
28%
Иго Капет
11%
Робер
10%
Кловис
8%
Карломан
6%
Лотар
5%
Теудерик
5%
Дагоберт
4%
Хилдеберт
3%
Хилдерик
3%
Хилперик
2%
Хлотар
2%
Рудолф
2%
Одо
1%
No matching quizzes found
Score Distribution
Percent of People with Each Score
Percentile by Number Answered
Your Score History
You have not taken this quiz